Harvard business review on strategic renewal

Technologies, consumer preferences and market dynamics are changing faster than ever. To help their companies stay competitive in the face of accelerating change, leaders need to continually test and redefine their strategies. This book provides the ideas readers need to refresh their competitive st...

Täydet tiedot

Tallennettuna:
Bibliografiset tiedot
Aineistotyyppi: Kirja
Kieli:Undetermined
Julkaistu: Boston, MA Harvard Business School Pub. 2008
Aiheet:
Tagit: Lisää tagi
Ei tageja, Lisää ensimmäinen tagi!
Thư viện lưu trữ: Trung tâm Học liệu Trường Đại học Cần Thơ
LEADER 00849nam a2200181Ia 4500
001 CTU_187092
008 210402s9999 xx 000 0 und d
082 |a 658.406 
082 |b H339 
245 0 |a Harvard business review on strategic renewal 
245 0 |c Harvard business review 
260 |a Boston, MA 
260 |b Harvard Business School Pub. 
260 |c 2008 
520 |a Technologies, consumer preferences and market dynamics are changing faster than ever. To help their companies stay competitive in the face of accelerating change, leaders need to continually test and redefine their strategies. This book provides the ideas readers need to refresh their competitive strategy. 
650 |a Strategic planning,Lập kế hoạch chiến lược 
904 |i Giang 
980 |a Trung tâm Học liệu Trường Đại học Cần Thơ